|
|
|
|
| LEADER |
01386nam a2200313 a 4500 |
| 001 |
13502714 |
| 008 |
090621r20041992nyuab b 001 0 eng d |
| 010 |
|
|
|a 2004102924
|
| 020 |
|
|
|a 0500281726 (pbk.)
|
| 040 |
|
|
|a DLC
|c DLC
|
| 082 |
0 |
0 |
|a 307.76
|2 22
|
| 100 |
1 |
|
|a Kostof, Spiro.
|
| 245 |
1 |
4 |
|a The city assembled :
|b the elements of urban form through history /
|c Spiro Kostof ; with the collaboration of Greg Castillo ; original drawings by Richard Tobias.
|
| 260 |
|
|
|a New York, NY :
|b Thames & Hudson,
|c 1992. [Reprinted 2004]
|
| 300 |
|
|
|a 320 p. :
|b ill. (some col.), maps ;
|c 26
|c cm.
|
| 500 |
|
|
|a Originally published: Boston : Little, Brown, c1992.
|
| 500 |
|
|
|a "Both an independent study and a companion volume to Kostof's The city shaped"--P. [4] of cover.
|
| 500 |
|
|
|a with 346 illustrations, 40 in colour.
|
| 504 |
|
|
|a Includes bibliographical references (p. 306-313) and index.
|
| 541 |
1 |
|
|e 00015309
|
| 650 |
|
0 |
|a Cities and towns
|x History.
|
| 650 |
|
0 |
|a Cities and towns
|x Growth.
|
| 650 |
|
0 |
|a City and town life
|x History.
|
| 650 |
|
0 |
|a Public spaces
|x History.
|
| 650 |
|
0 |
|a City planning
|x History.
|
| 700 |
1 |
|
|a Castillo, Greg.
|
| 852 |
4 |
|
|a Ayesha Abed Library
|j General shelf
|
| 999 |
|
|
|c 1512
|d 1512
|
| 952 |
|
|
|0 0
|1 0
|2 ddc
|4 0
|6 307_760000000000000_KOS
|7 0
|9 1389
|a BRACUL
|b BRACUL
|c GEN
|d 2009-06-28
|l 4
|m 10
|o 307.76 KOS
|p 3010015309
|r 2015-08-10
|s 2015-07-14
|t 1
|w 2009-06-28
|y BK
|